Los ensayos políticos de Carmen Lyra en Repertorio Americano
Сохранить в:
| Главный автор: | |
|---|---|
| Формат: | Неизвестно |
| Опубликовано: |
Heredia, Costa Rica:
EUNA,
|
| Предметы: | |
| Метки: |
Добавить метку
Нет меток, Требуется 1-ая метка записи!
|
MARC
| LEADER | 000000000a22000000004500 | ||
|---|---|---|---|
| 001 | 001559 | ||
| 022 | |a 0252-8479 | ||
| 041 | 0 | |a español | |
| 092 | 0 | |a Repertorio Americano: |b Segunda Nueva Época | |
| 100 | 1 | |a Cubillo Paniagua, Ruth | |
| 245 | 1 | 4 | |a Los ensayos políticos de Carmen Lyra en Repertorio Americano |
| 260 | |a Heredia, Costa Rica: |b EUNA, | ||
| 310 | |a anual | ||
| 500 | |a Documento completo en PDF: http://www.revistas.una.ac.cr/index.php/repertorio | ||
| 650 | 4 | |a IMPERIALISMO EN LA LITERATURA | |
| 773 | 0 | |t Repertorio Americano: |b Segunda Nueva Época | |
| 773 | 0 | |g número 21 (enero-diciembre, 2011) | |
| 773 | 0 | |g 1974- | |
| 773 | 0 | |g 183-194 páginas | |
| 999 | |c 1864 |d 1864 | ||
